[Event "As Autumn"]
[Site "As"]
[Date "2019.10.17"]
[Round "6"]
[White "Thowsen, Alf Geir"]
[Black "Skaret, Runar"]
[Result "1-0"]
[WhiteElo "1396"]
[BlackElo "1310"]
[PlyCount "53"]
[EventDate "2019.08.29"]
[EventType "swiss"]
[EventRounds "9"]
[EventCountry "NOR"]
[SourceTitle "EXT 2024"]
[Source "ChessBase"]
[SourceDate "2023.10.10"]
[SourceVersion "1"]
[SourceVersionDate "2023.10.10"]
[SourceQuality "1"]

1. d4 e6 2. c4 d5 3. cxd5 exd5 4. Nc3 Nf6 5. Nf3 h6 6. h3 Bd6 7. e3 Bf5 8. Bd3 Bxd3 9. Qxd3 0-0 10. Bd2 Re8 11. 0-0 Ne4 12. Rac1 Nxd2 13. Qxd2 c6 14. Rfe1 Nd7 15. Qc2 Nf6 16. Nd2 Bc7 17. b4 Qd6 18. Nf3 Qxb4 19. Rb1 Qd6 20. Rxb7 Reb8 21. Reb1 Nd7 22. Nb5 cxb5 23. Qxc7 Qxc7 24. Rxc7 Nf6 25. Rbc1 Kf8 26. Ne5 Rc8 27. Rxc8+ 1-0

[Event "As Autum"]
[Site "As"]
[Date "2018.11.01"]
[Round "7"]
[White "Thowsen, Alf Geir"]
[Black "Skaret, Runar"]
[Result "0-1"]
[WhiteElo "1409"]
[BlackElo "1434"]
[PlyCount "66"]
[EventDate "2018.08.30"]
[EventType "swiss"]
[EventRounds "9"]
[EventCountry "NOR"]
[SourceTitle "EXT 2024"]
[Source "ChessBase"]
[SourceDate "2023.10.10"]
[SourceVersion "1"]
[SourceVersionDate "2023.10.10"]
[SourceQuality "1"]

1. d4 d5 2. c4 dxc4 3. Nc3 Nf6 4. e3 e5 5. dxe5 Qxd1+ 6. Nxd1 Bb4+ 7. Nc3 Ne4 8. a3 Bxc3+ 9. bxc3 b5 10. Bb2 0-0 11. Nf3 Nc6 12. a4 Rb8 13. axb5 Rxb5 14. Ra2 Ra5 15. Rxa5 Nxa5 16. Be2 Be6 17. 0-0 Rb8 18. Rd1 c6 19. Ba1 Nb3 20. Rb1 Rd8 21. Nd4 Bd5 22. f3 Ned2 23. Rd1 Nxa1 24. Rxa1 Rd7 25. e4 Nb3 26. Rd1 Nxd4 27. Rxd4 Be6 28. Rxd7 Bxd7 29. Bxc4 a5 30. f4 g6 31. Bd3 a4 32. g4 a3 33. f5 a2 0-1

[Event "As CC-ch B"]
[Site "As"]
[Date "2018.03.08"]
[Round "7"]
[White "Samset, Jon"]
[Black "Thowsen, Alf Geir"]
[Result "0-1"]
[WhiteElo "1411"]
[BlackElo "1403"]
[PlyCount "150"]
[EventDate "2018.01.11"]
[EventType "swiss"]
[EventRounds "9"]
[EventCountry "NOR"]
[SourceTitle "EXT 2024"]
[Source "ChessBase"]
[SourceDate "2023.10.10"]
[SourceVersion "1"]
[SourceVersionDate "2023.10.10"]
[SourceQuality "1"]

1. d4 Nf6 2. d5 d6 3. Bg5 c6 4. Bxf6 exf6 5. e4 Bd7 6. Bc4 Qb6 7. b3 Be7 8. c3 0-0 9. Qh5 g6 10. Qh6 c5 11. Nd2 Qd8 12. Ngf3 Re8 13. h4 Bf8 14. Qf4 Bc8 15. g4 Nd7 16. g5 f5 17. h5 Ne5 18. Nxe5 Rxe5 19. hxg6 fxg6 20. 0-0-0 Qe7 21. f3 Qg7 22. Kc2 Bd7 23. Rdg1 Rae8 24. Bd3 fxe4 25. Nxe4 Be7 26. c4 Rf8 27. Qg3 Ref5 28. Nf6+ R5xf6 29. gxf6 Qxf6 30. Rf1 Rf7 31. f4 Bd8 32. f5 g5 33. Rh5 h6 34. Rfh1 Rh7 35. Qh3 Kg7 36. Rxg5+ Qxg5 37. f6+ Kf8 38. Qh2 Rf7 39. Qxd6+ Kg8 40. Rh2 Bxf6 41. Qxc5 b6 42. Qd6 Be5 43. Qxh6 Qxh6 44. Rxh6 Rf2+ 45. Kd1 Bg4+ 46. Ke1 Rf6 47. Rxf6 Bxf6 48. b4 Kf8 49. d6 Ke8 50. c5 bxc5 51. bxc5 Bd7 52. Ke2 Bd4 53. Bg6+ Kd8 54. c6 Bxc6 55. Bf5 Bc5 56. d7 a5 57. Kd3 Bd5 58. a4 Bb3 59. Kc3 Bxa4 60. Kc4 Bb4 61. Be6 Bxd7 62. Bg8 Kc7 63. Kd4 Kd6 64. Kc4 Be6+ 65. Bxe6 Kxe6 66. Kb5 Kd5 67. Ka4 Kc5 68. Kb3 Kb5 69. Ka2 Kc4 70. Kb2 a4 71. Ka2 Kc3 72. Kb1 Kb3 73. Ka1 Bc3+ 74. Kb1 a3 75. Kc1 a2 0-1

[Event "As Autumn"]
[Site "As"]
[Date "2017.10.19"]
[Round "6"]
[White "Thowsen, Alf Geir"]
[Black "Thorstensen, Trond"]
[Result "1-0"]
[WhiteElo "1185"]
[BlackElo "2194"]
[PlyCount "83"]
[EventDate "2017.08.31"]
[EventType "swiss"]
[EventRounds "9"]
[EventCountry "NOR"]
[SourceTitle "EXT 2024"]
[Source "ChessBase"]
[SourceDate "2023.10.10"]
[SourceVersion "1"]
[SourceVersionDate "2023.10.10"]
[SourceQuality "1"]

1. c4 e5 2. Nc3 Ne7 3. e4 g6 4. Nf3 Bg7 5. Be2 0-0 6. 0-0 a5 7. b3 Nbc6 8. Bb2 b6 9. Nd5 Na7 10. Rc1 Rb8 11. Qc2 c6 12. Nc3 d6 13. Rfd1 c5 14. Nd5 Nxd5 15. cxd5 b5 16. a3 b4 17. axb4 cxb4 18. d4 exd4 19. Nxd4 Bd7 20. Qc7 Qxc7 21. Rxc7 Be8 22. Rxa7 h6 23. h3 a4 24. bxa4 h5 25. Rd2 Bh6 26. Rd3 Bg7 27. Rb3 f6 28. Nc6 Bxc6 29. dxc6 Rf7 30. Rxf7 Kxf7 31. Bb5 Rc8 32. Rxb4 Kf8 33. Rc4 Rc7 34. Ba3 Kg8 35. Bxd6 Rc8 36. c7 f5 37. exf5 gxf5 38. Bd7 Ra8 39. c8Q+ Rxc8 40. Rxc8+ Kh7 41. Bxf5+ Kh6 42. Bf4# 1-0

[Event "As CC-ch B"]
[Site "As"]
[Date "2017.03.09"]
[Round "7"]
[White "Thowsen, Alf Geir"]
[Black "Aalmo, Alexander"]
[Result "0-1"]
[WhiteElo "1188"]
[BlackElo "1183"]
[PlyCount "68"]
[EventDate "2017.01.12"]
[EventType "swiss"]
[EventRounds "9"]
[EventCountry "NOR"]
[SourceTitle "EXT 2024"]
[Source "ChessBase"]
[SourceDate "2023.10.10"]
[SourceVersion "1"]
[SourceVersionDate "2023.10.10"]
[SourceQuality "1"]

1. d4 f5 2. c4 e6 3. Nc3 Nf6 4. Nf3 d5 5. Bg5 c6 6. e3 Nbd7 7. Be2 Bd6 8. 0-0 0-0 9. cxd5 cxd5 10. Rc1 h6 11. Bf4 Bxf4 12. exf4 a6 13. Ne5 Qe8 14. Re1 Ne4 15. Bh5 Qd8 16. Nxe4 Nxe5 17. fxe5 fxe4 18. Rc3 Bd7 19. Qg4 g5 20. h4 Rf4 21. Qe2 Bb5 22. Qd1 gxh4 23. g3 Qg5 24. Qd2 Raf8 25. Bd1 Bd3 26. Re3 Rxf2 27. Qxf2 Rxf2 28. Kxf2 Qf5+ 29. Ke1 Qf1+ 30. Kd2 Qf2+ 31. Be2 h3 32. Rc8+ Kg7 33. Rc7+ Kg6 34. Rc8 h2 0-1

[Event "As Autumn"]
[Site "As"]
[Date "2016.12.08"]
[Round "9"]
[White "Samset, Jon"]
[Black "Thowsen, Alf Geir"]
[Result "0-1"]
[WhiteElo "1077"]
[BlackElo "1161"]
[PlyCount "84"]
[EventDate "2016.09.01"]
[EventType "swiss"]
[EventRounds "9"]
[EventCountry "NOR"]
[SourceTitle "EXT 2024"]
[Source "ChessBase"]
[SourceDate "2023.10.10"]
[SourceVersion "1"]
[SourceVersionDate "2023.10.10"]
[SourceQuality "1"]

1. Nf3 d5 2. g3 Nf6 3. Bg2 Bf5 4. d3 h6 5. 0-0 e6 6. Bf4 Nc6 7. a3 Bd6 8. Bxd6 Qxd6 9. Nc3 a6 10. b4 0-0 11. b5 Na7 12. Nd4 Bh7 13. Qd2 e5 14. Nf3 axb5 15. Rfb1 c6 16. Rb4 Nc8 17. Nd1 Ne7 18. d4 exd4 19. Nxd4 Nf5 20. Nxf5 Bxf5 21. Ne3 Bh7 22. f3 Qc5 23. Kh1 Rfe8 24. Ng4 Nxg4 25. Rxg4 Bg6 26. a4 Qxc2 27. Qxc2 Bxc2 28. a5 Rxe2 29. h4 Ree8 30. h5 Ra6 31. Rf4 Rea8 32. Re1 Rxa5 33. Re7 f5 34. Rxb7 R5a7 35. Rb6 Rc8 36. Bh3 Re8 37. Rxc6 Ra1+ 38. Kh2 Re2+ 39. Bg2 Ra2 40. g4 Bd3 41. gxf5 Rxg2+ 42. Kh3 Rh2+ 0-1

[Event "As Autumn"]
[Site "As"]
[Date "2016.09.08"]
[Round "2"]
[White "Thowsen, Alf Geir"]
[Black "Bakken, Svein Erik"]
[Result "0-1"]
[WhiteElo "1161"]
[BlackElo "1347"]
[PlyCount "85"]
[EventDate "2016.09.01"]
[EventType "swiss"]
[EventRounds "9"]
[EventCountry "NOR"]
[SourceTitle "EXT 2024"]
[Source "ChessBase"]
[SourceDate "2023.10.10"]
[SourceVersion "1"]
[SourceVersionDate "2023.10.10"]
[SourceQuality "1"]

1. e4 c5 2. Nf3 Nc6 3. Bc4 e6 4. Nc3 a6 5. a3 Qc7 6. d3 Nf6 7. Be3 Be7 8. Qd2 0-0 9. 0-0-0 b5 10. Bb3 Rd8 11. Rhe1 Na5 12. Bf4 d6 13. Ba2 Bb7 14. e5 dxe5 15. Bxe5 Qb6 16. Ne4 Nxe4 17. Qf4 Rac8 18. dxe4 Rxd1+ 19. Rxd1 f6 20. Bc3 b4 21. axb4 cxb4 22. Bd4 Qc6 23. c3 b3 24. Bb1 e5 25. Bxe5 fxe5 26. Nxe5 Qf6 27. Qxf6 Bxf6 28. f4 Bxe5 29. fxe5 Re8 30. Rd4 Rxe5 31. Kd2 Kf7 32. Rb4 Kf6 33. Bd3 Re7 34. Ke3 g5 35. g4 Re6 36. Ra4 Re5 37. Rb4 h6 38. h3 Rc5 39. Ra4 Ke5 40. Ra1 Nc4+ 41. Bxc4 Rxc4 42. Ra5+ Ke6 43. Kd2 0-1

[Event "AS CC-ch B"]
[Site "As"]
[Date "2016.04.14"]
[Round "9"]
[White "Samset, Jon"]
[Black "Thowsen, Alf Geir"]
[Result "1-0"]
[WhiteElo "1093"]
[BlackElo "1175"]
[PlyCount "50"]
[EventDate "2016.01.14"]
[EventType "swiss"]
[EventRounds "9"]
[EventCountry "NOR"]
[SourceTitle "EXT 2024"]
[Source "ChessBase"]
[SourceDate "2023.10.10"]
[SourceVersion "1"]
[SourceVersionDate "2023.10.10"]
[SourceQuality "1"]

1. Nf3 d5 2. d4 Nf6 3. Nc3 e6 4. Ne5 Nbd7 5. Bf4 c5 6. e3 cxd4 7. exd4 Be7 8. Bd3 Nxe5 9. Bxe5 0-0 10. Qf3 Bd7 11. g4 h6 12. h4 Ne8 13. Qh3 f6 14. g5 h5 15. Qf3 g6 16. Bxg6 Ng7 17. gxf6 Bxf6 18. Qe3 Bxe5 19. Qh6 Re8 20. dxe5 Qb6 21. Qh7+ Kf8 22. Qh8+ Ke7 23. Qxg7+ Kd8 24. Bxe8 Bxe8 25. Qf6+ Kc7 1-0

[Event "As Autumn"]
[Site "As"]
[Date "2015.12.03"]
[Round "9"]
[White "Aalmo, Alexander"]
[Black "Thowsen, Alf Geir"]
[Result "1-0"]
[WhiteElo "1197"]
[BlackElo "1205"]
[PlyCount "71"]
[EventDate "2015.09.03"]
[EventType "swiss"]
[EventRounds "9"]
[EventCountry "NOR"]
[SourceTitle "EXT 2024"]
[Source "ChessBase"]
[SourceDate "2023.10.10"]
[SourceVersion "1"]
[SourceVersionDate "2023.10.10"]
[SourceQuality "1"]

1. d4 d5 2. Nf3 Nf6 3. Bg5 Nc6 4. e3 Ne4 5. Bf4 e6 6. a3 Be7 7. c4 Nf6 8. h3 b6 9. Nc3 a6 10. Rc1 Bb7 11. Bd3 Rc8 12. Ne5 0-0 13. 0-0 Na5 14. cxd5 exd5 15. Bf5 Rb8 16. Na2 Bd6 17. Bd3 Re8 18. Nb4 c5 19. Na2 Rc8 20. b4 c4 21. Bf5 Nb3 22. Bxc8 Nxc1 23. Bxb7 Nxa2 24. Qc2 Qb8 25. Bc6 Nxb4 26. axb4 Rd8 27. b5 a5 28. Bg3 Qc7 29. f4 Ne4 30. Be1 f6 31. Nxc4 dxc4 32. Qxe4 g5 33. Qe6+ Kg7 34. fxg5 Bh2+ 35. Kh1 Rd6 36. gxf6+ 1-0

[Event "As Autumn"]
[Site "As"]
[Date "2015.10.01"]
[Round "4"]
[White "Naasen, Nils"]
[Black "Thowsen, Alf Geir"]
[Result "1-0"]
[WhiteElo "1314"]
[BlackElo "1205"]
[PlyCount "53"]
[EventDate "2015.09.03"]
[EventType "swiss"]
[EventRounds "9"]
[EventCountry "NOR"]
[SourceTitle "EXT 2024"]
[Source "ChessBase"]
[SourceDate "2023.10.10"]
[SourceVersion "1"]
[SourceVersionDate "2023.10.10"]
[SourceQuality "1"]

1. e4 e6 2. c4 c5 3. Nc3 Nc6 4. Nf3 a6 5. Be2 Qc7 6. d4 cxd4 7. Nxd4 e5 8. Nf3 Bb4 9. Bd2 Nf6 10. Bd3 0-0 11. 0-0 d6 12. Nd5 Nxd5 13. exd5 Bxd2 14. Qxd2 Ne7 15. Rac1 f5 16. Bb1 b6 17. Rfd1 Rf6 18. b4 Bb7 19. Nxe5 Rd8 20. Nf3 Qd7 21. Nd4 b5 22. Ne6 Rc8 23. cxb5 Rxc1 24. Rxc1 axb5 25. Rc7 Qe8 26. Rxb7 Qa8 27. Rxe7 1-0

[Event "As Autumn"]
[Site "As"]
[Date "2015.09.10"]
[Round "2"]
[White "Thowsen, Alf Geir"]
[Black "Kjelstrup, Joachim"]
[Result "1-0"]
[WhiteElo "1205"]
[BlackElo "1062"]
[PlyCount "111"]
[EventDate "2015.09.03"]
[EventType "swiss"]
[EventRounds "9"]
[EventCountry "NOR"]
[SourceTitle "EXT 2024"]
[Source "ChessBase"]
[SourceDate "2023.10.10"]
[SourceVersion "1"]
[SourceVersionDate "2023.10.10"]
[SourceQuality "1"]

1. d4 Nf6 2. c4 e6 3. Nf3 Bb4+ 4. Nbd2 b6 5. a3 Be7 6. e3 Bb7 7. b4 d5 8. cxd5 Nxd5 9. Bb2 0-0 10. Bd3 Nd7 11. Rc1 N7f6 12. 0-0 Qd7 13. Qc2 Bd6 14. Nc4 Ne7 15. Nxd6 cxd6 16. Qc7 Rac8 17. Qxd7 Nxd7 18. Rfd1 h6 19. Rd2 Rxc1+ 20. Bxc1 Rc8 21. Rc2 Rxc2 22. Bxc2 b5 23. a4 a6 24. Nd2 Nd5 25. axb5 axb5 26. Bd3 Bc6 27. Ba3 f5 28. e4 Nf4 29. Bc2 Ne2+ 30. Kf1 Nxd4 31. Bb1 g6 32. Bb2 e5 33. Bxd4 exd4 34. exf5 gxf5 35. Bxf5 Nf6 36. Nb3 Bd5 37. Nxd4 Bc4+ 38. Ke1 Kf7 39. Kd2 Nh5 40. g3 Kf6 41. Bd3 Ke5 42. Nxb5 Bxd3 43. Kxd3 Kd5 44. Nd4 Nf6 45. f3 h5 46. h3 Nd7 47. g4 Ne5+ 48. Kc3 hxg4 49. fxg4 Ng6 50. Nf5 Ne5 51. g5 Ke6 52. Nd4+ Kd5 53. h4 Ke4 54. h5 Nd3 55. g6 Nxb4 56. Kxb4 1-0

[Event "Follo CC-ch"]
[Site "Follo"]
[Date "2015.02.01"]
[Round "2"]
[White "Lea, Per"]
[Black "Thowsen, Alf Geir"]
[Result "1-0"]
[WhiteElo "1598"]
[BlackElo "1224"]
[PlyCount "77"]
[EventDate "2015.01.15"]
[EventType "swiss"]
[EventRounds "9"]
[EventCountry "NOR"]
[SourceTitle "EXT 2017"]
[Source "ChessBase"]
[SourceDate "2016.10.25"]
[SourceVersion "1"]
[SourceVersionDate "2016.10.25"]
[SourceQuality "1"]

1. e4 e6 2. d4 d5 3. Nc3 c5 4. exd5 exd5 5. dxc5 Nf6 6. Bg5 Bxc5 7. Bb5+ Nc6 8. Qe2+ Be6 9. 0-0-0 d4 10. Ne4 Qd5 11. Bxf6 Qxa2 12. Nxc5 Qa1+ 13. Kd2 Qa5+ 14. c3 gxf6 15. Nxe6 dxc3+ 16. bxc3 Qa2+ 17. Ke1 Qxe6 18. Qxe6+ fxe6 19. Bxc6+ bxc6 20. Rd6 Ke7 21. Rxc6 a5 22. Nf3 Rhb8 23. Ke2 a4 24. Rc4 a3 25. Rb4 Kd6 26. Ra1 Rc8 27. Rb3 a2 28. Nd4 Rc4 29. Kd3 Rca4 30. c4 e5 31. Nb5+ Kc5 32. Nc3 Rd8+ 33. Kc2 Rxc4 34. Rxa2 Rc8 35. Kd3 Rd8+ 36. Ke3 f5 37. Ra5+ Kd6 38. Rd5+ Ke7 39. Rb7+ 1-0

[Event "Follo op"]
[Site "Follo"]
[Date "2014.11.27"]
[Round "9"]
[White "Thowsen, Alf Geir"]
[Black "Holm, Bjarne"]
[Result "0-1"]
[WhiteElo "1195"]
[BlackElo "1543"]
[PlyCount "42"]
[EventDate "2014.09.04"]
[EventType "swiss"]
[EventRounds "9"]
[EventCountry "NOR"]
[SourceTitle "EXT 2017"]
[Source "ChessBase"]
[SourceDate "2016.10.25"]
[SourceVersion "1"]
[SourceVersionDate "2016.10.25"]
[SourceQuality "1"]

1. e4 e5 2. Nf3 Nc6 3. Bb5 a6 4. Bxc6 dxc6 5. Nxe5 Qd4 6. Nf3 Qxe4+ 7. Qe2 Qxe2+ 8. Kxe2 Bf5 9. d3 Bd6 10. Re1 0-0-0 11. Kf1 Nf6 12. Nc3 h6 13. Bd2 Rde8 14. h3 g5 15. a4 g4 16. Nh4 gxh3 17. Nxf5 h2 18. Nxd6+ cxd6 19. f3 h1Q+ 20. Kf2 Qh4+ 21. g3 Qh2+ 0-1

[Event "Follo op"]
[Site "Follo"]
[Date "2014.10.02"]
[Round "3"]
[White "Moshovd, Per Age"]
[Black "Thowsen, Alf Geir"]
[Result "1-0"]
[WhiteElo "1624"]
[BlackElo "1195"]
[PlyCount "59"]
[EventDate "2014.09.04"]
[EventType "swiss"]
[EventRounds "9"]
[EventCountry "NOR"]
[SourceTitle "EXT 2017"]
[Source "ChessBase"]
[SourceDate "2016.10.25"]
[SourceVersion "1"]
[SourceVersionDate "2016.10.25"]
[SourceQuality "1"]

1. e4 e6 2. Nc3 d5 3. d4 Bb4 4. exd5 Bxc3+ 5. bxc3 exd5 6. Bd3 Nf6 7. Ba3 Nc6 8. h3 Be6 9. Nf3 Ne4 10. Bxe4 dxe4 11. Nd2 e3 12. Nf3 exf2+ 13. Kxf2 Qf6 14. Re1 0-0-0 15. Qd2 Ne5 16. Rxe5 Bd5 17. Be7 Qc6 18. Bxd8 Rxd8 19. Re3 Qf6 20. Kg1 c5 21. Rf1 Bc4 22. Rf2 Qb6 23. Qc1 Bxa2 24. Qa1 Bc4 25. Ne5 Be6 26. Nxf7 cxd4 27. Rxe6 Qxe6 28. Nxd8 Kxd8 29. cxd4 a6 30. Qa5+ 1-0